[Event "VII Open A"]
[Site "Bergamo ITA"]
[Date "2008.09.14"]
[Round "6"]
[White "Guglielmi, Dante"]
[Black "Gilardi, Davide"]
[Result "0-1"]
[WhiteElo "1918"]
[BlackElo "1819"]
[PlyCount "98"]
[EventDate "2008.09.12"]

1. c4 Nf6 2. Nc3 g6 3. g3 Bg7 4. Bg2 d6 5. e3 O-O 6. Nge2 e5 7. O-O Nc6 8. d4
Rb8 9. b3 Bd7 10. Bb2 a6 11. a4 Qc8 12. Re1 Nh5 13. Nd5 Qd8 14. b4 Ne7 15.
Nxe7+ Qxe7 16. Nc3 c6 17. b5 f5 18. dxe5 Bxe5 19. Qc2 Rfd8 20. Ne2 Bxb2 21.
Qxb2 Qe5 22. Qxe5 dxe5 23. Nc3 Be8 24. Red1 Kf8 25. Bf1 Rxd1 26. Rxd1 axb5 27.
axb5 Ra8 28. Rc1 Ke7 29. c5 Nf6 30. bxc6 bxc6 31. Nd1 Ra5 32. Nb2 Nd7 33. Nd3
e4 34. Nb4 Nxc5 35. Be2 Kd6 36. f3 Ra3 37. Kf2 Rb3 38. Rd1+ Kc7 39. Nc2 Rb2 40.
Nd4 Bf7 41. f4 Bc4 42. Kf1 Bxe2+ 43. Nxe2 Nd3 44. Ra1 Kb7 45. Rd1 c5 46. Nc3
Rxh2 47. Kg1 Rc2 48. Nd5 c4 49. Nf6 c3 0-1

[Event "VII Open A"]
[Site "Bergamo ITA"]
[Date "2008.09.14"]
[Round "6"]
[White "Kogan, Artur"]
[Black "Sanchez, Joseph"]
[Result "1/2-1/2"]
[WhiteElo "2569"]
[BlackElo "2486"]
[PlyCount "124"]
[EventDate "2008.09.12"]

1. e4 c5 2. Nf3 Nc6 3. Bb5 Nf6 4. Nc3 Qc7 5. O-O Nd4 6. Re1 e5 7. Bc4 d6 8. Ng5
Ne6 9. d3 Be7 10. Nxe6 Bxe6 11. Bg5 O-O 12. Bxf6 Bxf6 13. Nd5 Bxd5 14. Bxd5
Rab8 15. a4 Bg5 16. c3 Qe7 17. a5 g6 18. Ra3 Kh8 19. Rb3 Qd7 20. d4 cxd4 21.
cxd4 Bf6 22. dxe5 Bxe5 23. Qd2 Bg7 24. Qe3 Qa4 25. Qd2 b6 26. axb6 Rxb6 27.
Rxb6 axb6 28. b3 Qd4 29. Rd1 Qxd2 30. Rxd2 f5 31. g3 Bc3 32. Ra2 fxe4 33. Bxe4
Re8 34. f3 d5 35. Bxd5 Rd8 36. Bc4 Rd1+ 37. Bf1 Ra1 38. Rc2 Bd4+ 39. Kg2 Ra7
40. h4 Bc5 41. Rd2 Kg7 42. Bc4 h5 43. Kh3 Re7 44. Rd8 Re3 45. Rd7+ Re7 46. Rd8
Re3 47. Kg2 Re7 48. Bd3 Re6 49. Rd7+ Kf6 50. Bc4 Re7 51. Rd8 Re1 52. Rd7 Re7
53. Rd1 Re3 54. g4 hxg4 55. fxg4 Re4 56. Kf3 Rd4 57. Re1 Bd6 58. Re6+ Kg7 59.
h5 gxh5 60. gxh5 Rf4+ 61. Ke2 Rf6 62. Re8 62... Kh6 {...} 1/2-1/2

[Event "VII Open A"]
[Site "Bergamo ITA"]
[Date "2008.09.14"]
[Round "6"]
[White "Piantoni, Roberto"]
[Black "Elitropi, Giorgio"]
[Result "1-0"]
[WhiteElo "2119"]
[BlackElo "2008"]
[PlyCount "61"]
[EventDate "2008.09.12"]

1. b4 e6 2. Bb2 c6 3. c4 d5 4. e3 f5 5. Nf3 Nf6 6. b5 Bd6 7. Nc3 O-O 8. Be2 Qe7
9. Qb3 Nbd7 10. d4 Ne4 11. a4 Ndf6 12. Ba3 Bd7 13. Bxd6 Qxd6 14. Nxe4 fxe4 15.
Ne5 Rfc8 16. O-O Be8 17. a5 Nd7 18. a6 Rab8 19. axb7 Rxb7 20. Nxd7 Qxd7 21.
bxc6 Qxc6 22. Qa3 dxc4 23. Bxc4 Rbc7 24. Ba6 Rd8 25. Rfc1 Qb6 26. Rxc7 Qxc7 27.
Be2 Rc8 28. g3 Bg6 29. Qxa7 Qc2 30. Qa2 Qc6 31. Bg4 1-0

[Event "VII Open A"]
[Site "Bergamo ITA"]
[Date "2008.09.14"]
[Round "6"]
[White "Pucovski, Miroslav"]
[Black "Astengo, Corrado"]
[Result "1/2-1/2"]
[WhiteElo "2346"]
[BlackElo "2121"]
[PlyCount "94"]
[EventDate "2008.09.12"]

1. e4 e6 2. d4 d5 3. e5 c5 4. c3 Qb6 5. Nf3 Bd7 6. Bd3 Bb5 7. dxc5 Bxc5 8. b4
Bxd3 9. Qxd3 Be7 10. Na3 Nc6 11. O-O Nh6 12. Be3 Qc7 13. Nb5 Qd7 14. Nbd4 Ng4
15. Bf4 f6 16. Rfe1 Nxd4 17. Nxd4 O-O 18. exf6 Rxf6 19. Qg3 Rg6 20. h3 Nf6 21.
Qe3 Ne4 22. Nf3 Bf6 23. Ne5 Bxe5 24. Bxe5 Rf8 25. f3 Nd6 26. Kh1 b6 27. Bh2 Nc4
28. Qd4 e5 29. Bxe5 Rxf3 30. Bh2 Qf7 31. Rad1 Rf2 32. Qxd5 Qxd5 33. Rxd5 Rgxg2
34. Rd8+ Kf7 35. Rd7+ Kg6 36. Bg1 Rxa2 37. Ree7 Kh6 38. Rxa7 Rxa7 39. Rxa7 Rg3
40. Bd4 Rxh3+ 41. Kg2 Rd3 42. Bxg7+ Kg5 43. Bd4 h5 44. Rg7+ Kf5 45. Rf7+ Kg4
46. Rg7+ Kf5 47. Rf7+ Kg4 1/2-1/2

[Event "VII Open A"]
[Site "Bergamo ITA"]
[Date "2008.09.14"]
[Round "6"]
[White "Quagliarella, Sabino Remo"]
[Black "Reduzzi, Maurizio"]
[Result "1-0"]
[WhiteElo "1925"]
[BlackElo "2093"]
[PlyCount "81"]
[EventDate "2008.09.12"]

1. d4 d5 2. Nf3 Nf6 3. Bf4 Bf5 4. e3 e6 5. Nbd2 Bd6 6. Ne5 Nbd7 7. c3 Ne4 8.
Nxe4 Bxe4 9. Qa4 Bxe5 10. Bxe5 f6 11. Bg3 O-O 12. f3 Bg6 13. Qb3 b6 14. c4 c6
15. Rc1 Rc8 16. Be2 c5 17. O-O Bf7 18. cxd5 exd5 19. Ba6 Qe7 20. Bxc8 Rxc8 21.
Qa3 a5 22. Rfe1 Qe6 23. Qc3 g5 24. e4 dxe4 25. Rxe4 Qxa2 26. Re7 Qd5 27. Qe3
Kg7 28. Qe4 Qxe4 29. fxe4 Nf8 30. Rb7 Ne6 31. d5 Nd4 32. Re1 Kg6 33. Rxb6 h5
34. Bf2 Kg7 35. Bxd4 cxd4 36. Rc6 Rb8 37. d6 Be6 38. Rc7+ Kf8 39. Rf1 f5 40.
exf5 Bd5 41. d7 1-0

[Event "VII Open A"]
[Site "Bergamo ITA"]
[Date "2008.09.14"]
[Round "6"]
[White "Ranfagni, Stefano"]
[Black "Corbellini, Nicola"]
[Result "1/2-1/2"]
[WhiteElo "2049"]
[BlackElo "1963"]
[PlyCount "56"]
[EventDate "2008.09.12"]

1. e4 c5 2. Nf3 d6 3. g3 Nf6 4. d3 e6 5. Bg2 Nc6 6. c3 Be7 7. O-O O-O 8. Nbd2
Qc7 9. Re1 b6 10. d4 Bb7 11. Nf1 d5 12. Bf4 Qd8 13. e5 Nd7 14. h4 Re8 15. Bh3
cxd4 16. cxd4 Bb4 17. Bd2 Rc8 18. Rc1 Bxd2 19. Qxd2 Qe7 20. Ne3 Na5 21. b3 Rc6
22. g4 Rec8 23. g5 R6c7 24. Ng4 Nc6 25. Bf1 Ndb8 26. Bd3 Qb4 27. Qxb4 Nxb4 28.
Rxc7 Rxc7 1/2-1/2

[Event "VII Open A"]
[Site "Bergamo ITA"]
[Date "2008.09.14"]
[Round "6"]
[White "Sala, Giovanni"]
[Black "Maccarini, Luca Nicola"]
[Result "1-0"]
[WhiteElo "1970"]
[BlackElo "1920"]
[PlyCount "61"]
[EventDate "2008.09.12"]

1. c4 e6 2. Nf3 Nf6 3. Nc3 d5 4. cxd5 exd5 5. d4 Be7 6. g3 O-O 7. Bg2 Bf5 8.
Qb3 Nc6 9. Qxb7 Nb4 10. O-O Nc2 11. Rb1 Na3 12. bxa3 Bxb1 13. Qxb1 Rb8 14. Qc2
c5 15. Bg5 h6 16. Bxf6 Bxf6 17. e3 cxd4 18. Nxd4 Rc8 19. Qb3 Qa5 20. Nxd5 Rb8
21. Nxf6+ gxf6 22. Qd5 Qxd5 23. Bxd5 Rb2 24. Rc1 Rfb8 25. Bb3 a5 26. a4 Kg7 27.
Rc7 Kg6 28. Bxf7+ Kg5 29. Rc5+ f5 30. Rxf5+ Kg4 31. Rf4+ 1-0

[Event "VII Open A"]
[Site "Bergamo ITA"]
[Date "2008.09.14"]
[Round "6"]
[White "Sala, Marcello"]
[Black "Giannetta, Paolo"]
[Result "1/2-1/2"]
[WhiteElo "1831"]
[BlackElo "1934"]
[PlyCount "97"]
[EventDate "2008.09.12"]

1. e4 d5 2. exd5 Qxd5 3. Nc3 Qd8 4. d4 Nf6 5. Nf3 c6 6. Be3 Bf5 7. Bd3 Bg6 8.
Ne5 Nbd7 9. Nxg6 hxg6 10. Ne4 e6 11. a3 Qc7 12. h3 Nxe4 13. Bxe4 Nf6 14. Bf3
Bd6 15. Qe2 O-O-O 16. c4 Bf4 17. b4 e5 18. Qb2 Bxe3 19. fxe3 exd4 20. exd4
Rhe8+ 21. Kd1 Qf4 22. d5 Qxc4 23. Rc1 Qd3+ 24. Qd2 Qxd2+ 25. Kxd2 Nxd5 26. Kc2
Re3 27. Kb2 Nf4 28. Rc4 Nd3+ 29. Ka2 Ne1 30. b5 Nxf3 31. gxf3 Rxf3 32. bxc6
bxc6 33. Rxc6+ Kb7 34. Rc2 Rd6 35. Re1 Rdf6 36. Re7+ Ka6 37. Rcc7 Rxh3 38.
Rxa7+ Kb5 39. Rxf7 Rxf7 40. Rxf7 Rg3 41. Rb7+ Kc6 42. Rb4 Rd3 43. a4 g5 44. Kb2
g6 45. Kc2 Rf3 46. Rg4 Rf5 47. Kc3 Kb6 48. Kb3 Ka5 49. Kc3 1/2-1/2

[Event "VII Open A"]
[Site "Bergamo ITA"]
[Date "2008.09.14"]
[Round "6"]
[White "Scipioni, Gaetano"]
[Black "Buriani, Andrea"]
[Result "1/2-1/2"]
[WhiteElo "2077"]
[BlackElo "2149"]
[PlyCount "35"]
[EventDate "2008.09.12"]

1. d4 d5 2. Nf3 Nf6 3. Bf4 c6 4. e3 Bg4 5. c4 e6 6. Qb3 Qb6 7. c5 Qxb3 8. axb3
a6 9. Nbd2 Nbd7 10. h3 Bf5 11. b4 Be7 12. Nb3 O-O 13. Na5 Ra7 14. Be2 Ne8 15.
O-O Bd8 16. Rfc1 Bc7 17. Bxc7 Nxc7 18. Ra3 1/2-1/2

[Event "VII Open A"]
[Site "Bergamo ITA"]
[Date "2008.09.14"]
[Round "6"]
[White "Steffenello, Leonard"]
[Black "Borgo, Giulio"]
[Result "0-1"]
[WhiteElo "2118"]
[BlackElo "2442"]
[PlyCount "62"]
[EventDate "2008.09.12"]

1. d4 d5 2. c4 e6 3. Nf3 Nf6 4. g3 a6 5. Bg2 dxc4 6. O-O Nc6 7. Na3 Bxa3 8.
bxa3 O-O 9. Bb2 Rb8 10. Qc2 b5 11. Rad1 Ne7 12. e4 c6 13. e5 Nfd5 14. Ng5 Nf5
15. Bc1 f6 16. exf6 Qxf6 17. g4 h6 18. Ne4 Qh4 19. gxf5 exf5 20. Nc3 f4 21.
Bxd5+ cxd5 22. f3 a5 23. Qf2 Qd8 24. Ne2 Bh3 25. Nxf4 Bxf1 26. Ne6 Qd6 27. Re1
Rf6 28. Qh4 Rg6+ 29. Kxf1 Rxe6 30. Bf4 Rxe1+ 31. Kxe1 Re8+ 0-1

[Event "VII Open A"]
[Site "Bergamo ITA"]
[Date "2008.09.14"]
[Round "6"]
[White "Sumets, Andrey"]
[Black "Salvador, Roland"]
[Result "1/2-1/2"]
[WhiteElo "2534"]
[BlackElo "2443"]
[PlyCount "22"]
[EventDate "2008.09.12"]

1. d4 d5 2. c4 c6 3. cxd5 cxd5 4. Nf3 Nf6 5. Nc3 Nc6 6. Bf4 a6 7. e3 e6 8. Bd3
Bd6 9. Bxd6 Qxd6 10. O-O O-O 11. a3 Bd7 1/2-1/2

[Event "VII Open A"]
[Site "Bergamo ITA"]
[Date "2008.09.14"]
[Round "6"]
[White "Tratar, Marko"]
[Black "Dervishi, Erald"]
[Result "0-1"]
[WhiteElo "2486"]
[BlackElo "2544"]
[PlyCount "105"]
[EventDate "2008.09.12"]

1. Nf3 Nf6 2. c4 e6 3. g3 b6 4. Bg2 Bb7 5. O-O Be7 6. Nc3 O-O 7. d4 Ne4 8. Nxe4
Bxe4 9. Ne1 Bxg2 10. Nxg2 d6 11. e4 Nd7 12. b3 Bf6 13. Bb2 g6 14. Qe2 Bg7 15.
Rad1 a5 16. Qc2 Qe7 17. Bc3 e5 18. Ne3 Rae8 19. Nd5 Qd8 20. dxe5 Bxe5 21. f4
Bxc3 22. Nxc3 f6 23. Rfe1 Kg7 24. Nd5 Qc8 25. Re3 Re6 26. Qb2 Rfe8 27. Qd4 Qd8
28. Rde1 c6 29. Nc3 Nc5 30. R1e2 Kf7 31. Kg2 Qc7 32. Kf2 Qd8 33. Kg2 Ke7 34.
Kf1 Kd7 35. Ke1 Kc7 36. Kd2 Qe7 37. Re1 Qg7 38. Kc2 Qh6 39. R3e2 Qh5 40. a3 f5
41. e5 dxe5 42. fxe5 Rd8 43. Nd5+ cxd5 44. cxd5 Qf3 45. d6+ Kb7 46. Re3 Qc6 47.
Kb2 Rc8 48. Rc3 Qg2+ 49. Kb1 Ra8 50. Rc2 Qf3 51. Rc3 Qc6 52. Qc4 Ree8 53. Qf7+
0-1

[Event "VII Open A"]
[Site "Bergamo ITA"]
[Date "2008.09.14"]
[Round "6"]
[White "Vezzosi, Paolo"]
[Black "Todorov, Todor"]
[Result "0-1"]
[WhiteElo "2352"]
[BlackElo "2504"]
[PlyCount "54"]
[EventDate "2008.09.12"]

1. d4 g6 2. e4 Bg7 3. Nc3 c6 4. Nf3 d6 5. h3 Nd7 6. a4 e5 7. dxe5 Nxe5 8. Nxe5
Bxe5 9. Bc4 Qh4 10. Qe2 Be6 11. Bxe6 fxe6 12. O-O g5 13. a5 Nf6 14. Ra4 Rg8 15.
Qc4 Kf7 16. f3 Qg3 17. Ne2 Qh2+ 18. Kf2 Nh5 19. Rg1 Nf4 20. Bxf4 gxf4 21. Qb3
Kf6 22. Nd4 Rae8 23. Qxb7 Rg7 24. Qa6 Reg8 25. Qf1 c5 26. Nc6 Bxb2 27. Rc4 Bc1
0-1

[Event "VII Open A"]
[Site "Bergamo ITA"]
[Date "2008.09.14"]
[Round "6"]
[White "Vincenzi, Marco"]
[Black "Brugo, Marco"]
[Result "0-1"]
[WhiteElo "2123"]
[BlackElo "2107"]
[PlyCount "128"]
[EventDate "2008.09.12"]

1. e4 e6 2. d4 d5 3. Nc3 Nf6 4. e5 Nfd7 5. f4 c5 6. Nf3 Nc6 7. Be3 cxd4 8. Nxd4
Bc5 9. Qd2 O-O 10. g3 Nxd4 11. Bxd4 a6 12. Bg2 b5 13. O-O Bxd4+ 14. Qxd4 Qb6
15. Ne2 Ra7 16. c3 Rc7 17. Rf2 Bb7 18. Raf1 Rfc8 19. f5 Qxd4 20. Nxd4 Nxe5 21.
fxe6 f6 22. Nf5 Bc6 23. h3 Re8 24. Nd4 Bb7 25. g4 Nd3 26. Re2 Nc5 27. Kh2 Rce7
28. Rfe1 Ne4 29. h4 Rc7 30. a3 g6 31. g5 f5 32. Bxe4 dxe4 33. Kg3 Bd5 34. Kf4
Bxe6 35. h5 Kf8 36. hxg6 hxg6 37. Rh2 Ree7 38. Rh6 Bf7 39. Rh8+ Bg8 40. Re3 Kg7
41. Rh6 Rb7 42. Nc6 Red7 43. Ne5 Rd6 44. Re1 Re6 45. Rd1 Rbe7 46. Nd7 e3 47.
Nf6 e2 48. Re1 Rc7 49. Rh2 Rce7 50. Rh3 a5 51. Rd3 Rc6 52. Rd8 Bc4 53. Rh1 Rxf6
54. gxf6+ Kxf6 55. Rd6+ Re6 56. Rxe6+ Kxe6 57. a4 bxa4 58. Rh8 Kf6 59. Rh1 g5+
60. Ke3 Ke5 61. Kf2 Kf4 62. Ra1 g4 63. Rxa4 g3+ 64. Ke1 Ke3 0-1

[Event "L Festival A"]
[Site "Imperia ITA"]
[Date "2008.08.31"]
[Round "1"]
[White "Arata, Roberto Mario"]
[Black "Morselli, Stefano"]
[WhiteElo "2178"]
[BlackElo "1858"]
[Result "1-0"]
[PlyCount "53"]
[EventDate "2008.08.31"]

1. d4 Nf6 2. c4 g6 3. Nc3 Bg7 4. e4 d6 5. f4 O-O 6. Be2 c5 7. d5 Bd7 8. e5 Ne8
9. Nf3 Bg4 10. e6 Bxf3 11. exf7+ Rxf7 12. Bxf3 Nd7 13. O-O Qb6 14. Bg4 Nf8 15.
f5 Nc7 16. Qe2 Re8 17. Ne4 gxf5 18. Bxf5 e6 19. dxe6 Ncxe6 20. Bxe6 Nxe6 21.
Rxf7 Kxf7 22. Ng5+ Nxg5 23. Qh5+ Kf8 24. Bxg5 Qc6 25. Qxh7 Re2 26. Rf1+ Ke8 27.
Qh5+ 1-0

[Event "L Festival A"]
[Site "Imperia ITA"]
[Date "2008.08.31"]
[Round "1"]
[White "Arlandi, Ennio"]
[Black "Ammerlaan, Richard"]
[WhiteElo "2436"]
[BlackElo "2125"]
[Result "1/2-1/2"]
[PlyCount "99"]
[EventDate "2008.08.31"]

1. d4 d5 2. c4 c6 3. Nf3 Nf6 4. e3 e6 5. Bd3 Bd6 6. O-O O-O 7. b3 Qc7 8. Bb2 b6
9. Nbd2 Bb7 10. e4 dxe4 11. Nxe4 Nxe4 12. Bxe4 c5 13. Re1 Bxe4 14. Rxe4 Nd7 15.
dxc5 Nxc5 16. Rd4 Rad8 17. b4 Nb7 18. a3 a5 19. b5 Bc5 20. Rd3 Rxd3 21. Qxd3
Rd8 22. Qc3 f6 23. Re1 e5 24. h4 Qf7 25. Qc1 Nd6 26. Nd2 Qh5 27. g3 Qg4 28. Kf1
Qh3+ 29. Ke2 Bxf2 30. Kxf2 Qh2+ 31. Kf3 Nf5 32. Nf1 Qh1+ 33. Kf2 Rd3 34. Qc2
Qf3+ 35. Kg1 Nxg3 36. Qg2 Qf4 37. Bc1 Qxh4 38. Re3 Rxe3 39. Nxe3 Ne4 40. Qxg7+
Kxg7 41. Nf5+ Kf7 42. Nxh4 Nd6 43. c5 bxc5 44. b6 Ke6 45. Be3 Kd5 46. Nf5 Nb7
47. Ne7+ Kd6 48. Nc8+ Kc6 49. a4 Nd8 50. Ne7+ 1/2-1/2

[Event "L Festival A"]
[Site "Imperia ITA"]
[Date "2008.08.31"]
[Round "1"]
[White "Blasco, Domenico"]
[Black "Stoppa, Omar"]
[WhiteElo "2015"]
[BlackElo "2230"]
[Result "1/2-1/2"]
[PlyCount "90"]
[EventDate "2008.08.31"]

1. d4 e6 2. Nf3 Nf6 3. e3 b6 4. Bd3 Bb7 5. Nbd2 c5 6. c3 d6 7. O-O Be7 8. a3
O-O 9. b4 Nbd7 10. Bb2 Rc8 11. Rc1 e5 12. e4 exd4 13. cxd4 cxb4 14. axb4 d5 15.
Rxc8 Qxc8 16. e5 Ne4 17. Qa4 Nxd2 18. Nxd2 a6 19. Rc1 b5 20. Bxb5 axb5 21. Qxb5
Ba6 22. Qxd5 Qb7 23. Qxb7 Bxb7 24. Rc7 Bc8 25. b5 Bb4 26. Nc4 Nb8 27. d5 Bd7
28. Ba3 Bxa3 29. Nxa3 Rd8 30. f4 Bf5 31. d6 Nd7 32. Nc4 Bd3 33. Kf2 Bxc4 34.
Rxc4 g5 35. g3 Kf8 36. Ke3 Rb8 37. Kd4 gxf4 38. gxf4 Rxb5 39. Rc8+ Kg7 40. Rc7
Rb4+ 41. Kd5 Nf8 42. f5 Rb5+ 43. Kd4 Rb4+ 44. Kd3 Rb3+ 45. Kd4 Rb4+ 1/2-1/2

[Event "L Festival A"]
[Site "Imperia ITA"]
[Date "2008.08.31"]
[Round "1"]
[White "Bozzali, Ermanno"]
[Black "Sanchez, Joseph"]
[WhiteElo "2148"]
[BlackElo "2486"]
[Result "0-1"]
[PlyCount "42"]
[EventDate "2008.08.31"]

1. c4 e5 2. Nc3 Bb4 3. g3 Nf6 4. Bg2 O-O 5. e4 c6 6. a3 Bxc3 7. dxc3 d6 8. Ne2
Be6 9. b3 Na6 10. O-O Nc5 11. Qc2 a5 12. b4 Na6 13. Bg5 Bxc4 14. f4 Qb6+ 15.
Kh1 Ng4 16. fxe5 Nf2+ 17. Rxf2 Qxf2 18. Nd4 Qxc2 19. Nxc2 dxe5 20. Be7 Rfe8 21.
Bd6 Rad8 0-1

[Event "L Festival A"]
[Site "Imperia ITA"]
[Date "2008.08.31"]
[Round "1"]
[White "Chatalbashev, Boris"]
[Black "Cugini, Verter"]
[WhiteElo "2596"]
[BlackElo "2167"]
[Result "1-0"]
[PlyCount "109"]
[EventDate "2008.08.31"]

1. d4 d6 2. Nf3 Nf6 3. c4 g6 4. Nc3 Bg7 5. Bg5 O-O 6. e3 Nbd7 7. Qc2 c5 8. Be2
a6 9. O-O Qc7 10. a4 b6 11. d5 e6 12. e4 exd5 13. exd5 Re8 14. h3 Ne5 15. Nxe5
Rxe5 16. f4 Bf5 17. Bd3 Bxd3 18. Qxd3 Ree8 19. f5 Nd7 20. f6 Bf8 21. Qd2 Re5
22. Bf4 Rf5 23. g4 Rxf6 24. Ne4 Bg7 25. g5 Rxf4 26. Qxf4 Ne5 27. Ra3 Qe7 28.
Rb3 Rb8 29. a5 b5 30. Nf6+ Bxf6 31. gxf6 Qf8 32. cxb5 axb5 33. a6 b4 34. a7 Ra8
35. Ra1 h5 36. Re3 c4 37. Kh1 Kh7 38. Rxe5 dxe5 39. Qxc4 Qh6 40. d6 Qe3 41.
Qxf7+ Kh6 42. Qg7+ Kg5 43. Qb7 Qxh3+ 44. Kg1 Qe3+ 45. Kg2 e4 46. Qb5+ Kh6 47.
Qf1 Qg5+ 48. Kh2 Qh4+ 49. Kg1 Qg5+ 50. Qg2 Qxf6 51. Qxe4 Qxb2 52. Qe3+ Kg7 53.
Rc1 Qf6 54. Rc7+ Kg8 55. d7 1-0

[Event "L Festival A"]
[Site "Imperia ITA"]
[Date "2008.08.31"]
[Round "1"]
[White "Cichy, Miroslav"]
[Black "Simacek, Pavel"]
[WhiteElo "2141"]
[BlackElo "2470"]
[Result "0-1"]
[PlyCount "62"]
[EventDate "2008.08.31"]

1. e4 e5 2. Bc4 Nf6 3. Qe2 Nc6 4. Nf3 Be7 5. c3 d6 6. Bb3 Be6 7. Bc2 d5 8. d3
Qd6 9. Nbd2 O-O 10. Nf1 Nh5 11. h3 g6 12. g4 Nf4 13. Bxf4 exf4 14. e5 Qd7 15.
d4 f6 16. N1d2 fxe5 17. Nxe5 Nxe5 18. dxe5 b5 19. Nf3 b4 20. Qa6 bxc3 21. bxc3
c5 22. Rb1 Rab8 23. O-O Bxg4 24. Rxb8 Rxb8 25. e6 Bxe6 26. Ne5 Qd6 27. Qxa7 Bf6
28. Ng4 Bg7 29. Re1 Rf8 30. Rb1 Bxg4 31. hxg4 Qe6 0-1

[Event "L Festival A"]
[Site "Imperia ITA"]
[Date "2008.08.31"]
[Round "1"]
[White "Dolezal, Radoslav jr"]
[Black "Egartner, Wolfgang"]
[WhiteElo "2445"]
[BlackElo "2141"]
[Result "1/2-1/2"]
[PlyCount "83"]
[EventDate "2008.08.31"]

1. d4 d5 2. Nf3 c6 3. e3 Bf5 4. c4 e6 5. Nc3 Nf6 6. Qb3 Qc7 7. Nh4 Bg6 8. Nxg6
hxg6 9. h3 Nbd7 10. Bd2 Be7 11. Be2 a6 12. Rc1 Rc8 13. Bf3 Qb8 14. O-O O-O 15.
Rfd1 b5 16. cxd5 cxd5 17. a4 b4 18. Na2 a5 19. Be2 Ne4 20. Ba6 Rxc1 21. Nxc1
Ndc5 22. dxc5 Nxc5 23. Qa2 Nxa6 24. Nb3 Qb6 25. e4 dxe4 26. Be3 Qc7 27. Qb1 Rd8
28. Rc1 Qe5 29. Bb6 Rd5 30. Nxa5 Rxa5 31. Bxa5 Qxa5 32. Rc8+ Kh7 33. Qxe4 Nc5
34. Qf3 Qxa4 35. Qxf7 Qd1+ 36. Kh2 Bd6+ 37. g3 Qd4 38. Kg2 Qd5+ 39. Kg1 Qd1+
40. Kg2 Qd5+ 41. Kg1 Qd1+ 42. Kg2 1/2-1/2

[Event "L Festival A"]
[Site "Imperia ITA"]
[Date "2008.08.31"]
[Round "1"]
[White "Dritsakos, Alessio"]
[Black "Del Dotto, Riccardo"]
[WhiteElo "1848"]
[BlackElo "2171"]
[Result "1/2-1/2"]
[PlyCount "111"]
[EventDate "2008.08.31"]

1. e4 e5 2. Nf3 Nf6 3. Nxe5 d6 4. Nf3 Nxe4 5. d4 d5 6. Bd3 Bd6 7. c4 c6 8. O-O
O-O 9. Nc3 Nxc3 10. bxc3 dxc4 11. Bxc4 Bg4 12. h3 Bh5 13. Re1 Nd7 14. g4 Bg6
15. Bg5 Qa5 16. Be7 Bxe7 17. Rxe7 Nb6 18. Bb3 Nd5 19. Rxb7 Be4 20. Ng5 Ne3 21.
Qd2 Qxg5 22. Qxe3 Qg6 23. f3 Bc2 24. Re1 Bxb3 25. axb3 h6 26. Qe4 Qd6 27. Kg2
a5 28. Qe7 Qd5 29. Re5 Rfe8 30. Rxd5 Rxe7 31. Rxe7 cxd5 32. Rd7 Rc8 33. Rxd5
Rxc3 34. Rxa5 Rxb3 35. Ra8+ Kh7 36. d5 Rd3 37. Rd8 g6 38. h4 Kg7 39. Kg3 Rd4
40. Kf2 h5 41. Ke3 Rd1 42. g5 Rh1 43. d6 Rd1 44. Kf4 Rd5 45. Ke4 Rd1 46. Ke5
Rd3 47. Rc8 Rd1 48. Rc4 Kf8 49. Rd4 Re1+ 50. Kf4 Re8 51. d7 Rd8 52. Ke5 Ke7 53.
Rd5 Rxd7 54. Rxd7+ Kxd7 55. Kf6 Ke8 56. f4 1/2-1/2

[Event "L Festival A"]
[Site "Imperia ITA"]
[Date "2008.08.31"]
[Round "1"]
[White "Faraci, Antonino"]
[Black "Luciani, Carlo"]
[WhiteElo "2034"]
[BlackElo "2239"]
[Result "0-1"]
[PlyCount "82"]
[EventDate "2008.08.31"]

1. Nf3 Nf6 2. g3 g6 3. Bg2 Bg7 4. O-O O-O 5. d4 d6 6. c4 Nc6 7. Nbd2 e5 8. d5
Ne7 9. e3 Nh5 10. Rb1 a5 11. a3 a4 12. b3 axb3 13. Qxb3 b6 14. Bb2 h6 15. Ne1
Bg4 16. f4 exf4 17. Bxg7 Nxg7 18. Rxf4 Bf5 19. e4 Bd7 20. Nd3 g5 21. Rf2 Ng6
22. Re1 Qe7 23. Nf3 f6 24. Nd4 Ne5 25. Nf5 Nxf5 26. exf5 Ra4 27. Ra2 Kg7 28.
Kh1 Qe8 29. Nb2 Ra5 30. Be4 Qh5 31. Qc2 Rfa8 32. a4 Qe8 33. Rea1 Ng4 34. Ra3
Qxe4+ 35. Qxe4 Nf2+ 36. Kg2 Nxe4 37. Re3 Bxf5 38. Kf3 Re8 39. Rae1 Nd2+ 40. Ke2
Rxe3+ 41. Kxe3 Nb3 0-1

[Event "L Festival A"]
[Site "Imperia ITA"]
[Date "2008.08.31"]
[Round "1"]
[White "Feistenauer, Harald"]
[Black "Jurek, Josef"]
[WhiteElo "2107"]
[BlackElo "2368"]
[Result "1/2-1/2"]
[PlyCount "62"]
[EventDate "2008.08.31"]

1. c4 g6 2. Nc3 Bg7 3. g3 c5 4. Bg2 Nc6 5. a3 d6 6. Nf3 e5 7. d3 Nge7 8. O-O
O-O 9. Rb1 a5 10. Bd2 Rb8 11. Ne1 Be6 12. e4 f5 13. f4 Qd7 14. Nc2 b6 15. Nd5
b5 16. b4 bxc4 17. dxc4 axb4 18. axb4 cxb4 19. Bxb4 Nxb4 20. Ncxb4 Bxd5 21.
cxd5 exf4 22. gxf4 fxe4 23. Bxe4 Nf5 24. Qd2 Nd4 25. Kh1 Rbe8 26. Rbe1 Nb5 27.
Qg2 Bc3 28. Rb1 Qa7 29. Nc6 Qa4 30. Bd3 Nc7 31. f5 Bg7 1/2-1/2

[Event "L Festival A"]
[Site "Imperia ITA"]
[Date "2008.08.31"]
[Round "1"]
[White "Gioseffi, Massimiliano"]
[Black "Pomaro, Alberto"]
[WhiteElo "2049"]
[BlackElo "2246"]
[Result "1/2-1/2"]
[PlyCount "96"]
[EventDate "2008.08.31"]

1. d4 Nf6 2. c4 e6 3. Nf3 Bb4+ 4. Nbd2 O-O 5. a3 Bxd2+ 6. Bxd2 b6 7. Bg5 Bb7 8.
e3 d6 9. Be2 Nbd7 10. O-O e5 11. d5 h6 12. Bh4 g5 13. Bg3 Qe7 14. Qc2 Nh5 15.
Nd2 Ng7 16. e4 c6 17. b4 Kh8 18. Rac1 h5 19. f3 h4 20. Bf2 Qf6 21. g4 hxg3 22.
hxg3 Ne8 23. Kg2 Kg7 24. Rh1 Qg6 25. g4 Nef6 26. Nf1 Ng8 27. Ne3 Ne7 28. Rh3
Rh8 29. Rch1 Rxh3 30. Rxh3 Rh8 31. Rxh8 Kxh8 32. Qa4 Qg8 33. Qxa7 Qc8 34. Qa4
Ng6 35. Qd1 Nf4+ 36. Kg3 cxd5 37. exd5 Nf8 38. Bd3 N8g6 39. Be4 Qa8 40. Qh1+
Nh4 41. Bf5 Bc8 42. Qa1 Kg7 43. c5 Ba6 44. cxd6 Kf6 45. Be1 Qh8 46. Qxe5+ Kxe5
47. Bc3+ Kxd6 48. Bxh8 Ke7 1/2-1/2

[Event "L Festival A"]
[Site "Imperia ITA"]
[Date "2008.08.31"]
[Round "1"]
[White "Gorelli Fagiolini, Marco"]
[Black "Ornati, Gianmaria"]
[WhiteElo "2183"]
[BlackElo "1927"]
[Result "1-0"]
[PlyCount "73"]
[EventDate "2008.08.31"]

1. e4 c5 2. Nf3 d6 3. d4 cxd4 4. Nxd4 Nf6 5. Nc3 a6 6. Be2 e6 7. O-O Be7 8. f4
Qc7 9. Kh1 O-O 10. Be3 b5 11. Bf3 e5 12. Nf5 Nc6 13. Nxe7+ Nxe7 14. fxe5 dxe5
15. Bg5 Rd8 16. Qe2 Ne8 17. Nd5 Nxd5 18. Bxd8 Qxd8 19. exd5 Qd6 20. Rfe1 f6 21.
a4 Nc7 22. axb5 Nxb5 23. Qxb5 axb5 24. Rxa8 Qd7 25. d6 Kf7 26. Rd1 f5 27. Rxc8
Qxc8 28. d7 Qd8 29. b4 e4 30. Be2 Ke7 31. Bxb5 g5 32. Be2 f4 33. b5 h6 34. c4
Qxd7 35. Rxd7+ Kxd7 36. c5 Kc7 37. Kg1 1-0

[Event "L Festival A"]
[Site "Imperia ITA"]
[Date "2008.08.31"]
[Round "1"]
[White "Havlikova, Kristyna"]
[Black "Salvador, Roland"]
[WhiteElo "2135"]
[BlackElo "2443"]
[Result "0-1"]
[PlyCount "56"]
[EventDate "2008.08.31"]

1. e4 c5 2. Nf3 Nc6 3. d4 cxd4 4. Nxd4 Nf6 5. Nc3 e5 6. Ndb5 d6 7. Nd5 Nxd5 8.
exd5 Nb8 9. c4 Be7 10. Be2 O-O 11. O-O a6 12. Nc3 f5 13. f3 Bg5 14. Kh1 Nd7 15.
b4 b6 16. Bd3 Kh8 17. Qe2 e4 18. fxe4 f4 19. c5 Ne5 20. Qd1 Qf6 21. Bb2 Qh6 22.
Be2 Bh4 23. Kg1 Bd7 24. Bc1 g5 25. cxd6 Bg3 26. hxg3 fxg3 27. Rxf8+ Rxf8 28.
Bh5 Ng4 0-1